<?xml version="1.0" encoding="UTF-8"?>
<record
    xmlns:xsi="http://www.w3.org/2001/XMLSchema-instance"
    xsi:schemaLocation="http://www.loc.gov/MARC21/slim http://www.loc.gov/standards/marcxml/schema/MARC21slim.xsd"
    xmlns="http://www.loc.gov/MARC21/slim">

  <leader>00649nam a2200193Ia 4500</leader>
  <datafield tag="952" ind1=" " ind2=" ">
    <subfield code="0">0</subfield>
    <subfield code="1">0</subfield>
    <subfield code="2">lcc</subfield>
    <subfield code="4">0</subfield>
    <subfield code="7">0</subfield>
    <subfield code="a">21</subfield>
    <subfield code="b">21</subfield>
    <subfield code="d">2017-06-28</subfield>
    <subfield code="l">3</subfield>
    <subfield code="o">PQ7298 P65.24</subfield>
    <subfield code="p">21 003696</subfield>
    <subfield code="r">2018-03-15</subfield>
    <subfield code="s">2018-03-15</subfield>
    <subfield code="t">1</subfield>
    <subfield code="w">2017-06-28</subfield>
    <subfield code="y">LB</subfield>
  </datafield>
  <datafield tag="999" ind1=" " ind2=" ">
    <subfield code="c">102197</subfield>
    <subfield code="d">102197</subfield>
  </datafield>
  <controlfield tag="008">120626s2009    mx            000 f spa d</controlfield>
  <datafield tag="020" ind1=" " ind2=" ">
    <subfield code="a">9786074141016</subfield>
  </datafield>
  <datafield tag="050" ind1=" " ind2="4">
    <subfield code="a">PQ7298</subfield>
    <subfield code="b">P65.24</subfield>
  </datafield>
  <datafield tag="100" ind1=" " ind2=" ">
    <subfield code="a">Robles, Leonel</subfield>
    <subfield code="d">,1964-</subfield>
  </datafield>
  <datafield tag="245" ind1="1" ind2="0">
    <subfield code="a">Alabanza de los cuerpos </subfield>
    <subfield code="c">/ Leonel Robles.</subfield>
  </datafield>
  <datafield tag="260" ind1=" " ind2=" ">
    <subfield code="a">M&#xE9;xico </subfield>
    <subfield code="b">: Instuto Pol&#xED;t&#xE9;cnico Nacional</subfield>
    <subfield code="c">, 2009.</subfield>
  </datafield>
  <datafield tag="300" ind1=" " ind2=" ">
    <subfield code="a">115 p&#xE1;ginas.</subfield>
    <subfield code="c">; 21 cm.</subfield>
  </datafield>
  <datafield tag="490" ind1=" " ind2=" ">
    <subfield code="a">Poliedro de el B&#xFA;ho</subfield>
    <subfield code="v">; 24</subfield>
  </datafield>
  <datafield tag="500" ind1=" " ind2=" ">
    <subfield code="a">Fundaci&#xF3;n Ren&#xE9; Aviles Fabila</subfield>
  </datafield>
  <datafield tag="519" ind1=" " ind2=" ">
    <subfield code="a">Plan UNAM /</subfield>
    <subfield code="b">Preparatoria UNAM /</subfield>
    <subfield code="c">Material complementario /</subfield>
    <subfield code="d">(21 003696)</subfield>
  </datafield>
  <datafield tag="650" ind1=" " ind2="0">
    <subfield code="a">POES&#xCD;A MEXICANA</subfield>
  </datafield>
  <datafield tag="650" ind1=" " ind2="0">
    <subfield code="a">ENSAYOS MEXICANOS</subfield>
  </datafield>
  <datafield tag="942" ind1=" " ind2=" ">
    <subfield code="2">lcc</subfield>
    <subfield code="c">HMAN</subfield>
  </datafield>
</record>
